000 02083nab a22002897a 4500
999 _c5407
_d5407
003 OSt
005 20250312092152.0
008 190604e xxu||||| |||| 00| 0 spa d
040 _cPJ
100 _96435
_aGaray, Oscar Ernesto
245 1 0 _aNecesidad de una Ley de calidad en la atención de la salud y de seguridad de los y las pacientes /
_cOscar Ernesto Garay.
260 _aCiudad Autónoma de Buenos Aires :
_bThomson Reuters La Ley,
_c2024.
300 _ap. 3-48
500 _aCita Online: TR LALEY AR/DOC/1530/24.
505 _aSumario: I. Introducción.— II. La finalidad de alcanzar la calidad y la seguridad en la atención sanitaria.— III. Marco normativo para la calidad en salud y la seguridad del/de la paciente.— IV. Ética y bioética. Antecedentes acerca de la calidad en la atención de la salud y sobre la seguridad del / de la paciente. Políticas de la OMS/OPS.— V. Planteando objetivos en post de la calidad y seguridad en salud.— VI. Filosofía de la ley. Principios.— VII. Calidad de la atención sanitaria.— VIII. Seguridad de la atención sanitaria. Seguridad de pacientes.— IX. Ámbito de aplicación de la "Ley Nicolás".— X. El equipo de salud.— XI. De las instituciones prestadoras del servicio de salud.— XII. De los registros.— XIII. Acerca de la notificación de eventos adversos.— XIV. La creación del Registro Unificado de Eventos Centinela (RUDEC).— XV. La autoridad de aplicación de la "Ley Nicolás". Funciones.— XVI. Final.
505 _t¿Te interesa el texto completo? Solicitalo al correo: koha@justierradelfuego.gov.ar
650 0 _91253
_aDERECHO A LA SALUD
650 0 _94094
_aBIOÉTICA
650 0 _91497
_aCODIGO CIVIL Y COMERCIAL
650 0 _95365
_aASISTENCIA MÉDICA
650 0 _94418
_aTRATAMIENTO MÉDICO
650 0 _9614
_aDERECHOS HUMANOS
650 0 _93350
_aMÉDICOS
650 0 _94193
_aPROYECTO DE LEY
773 0 _02714
_93171
_dCiudad Autónoma de Buenos Aires : Thomson Reuters La Ley, 2014-
_tRevista anales de legislación argentina. Nº 7 - Julio 2024.
942 _2udc
_cANA